駅メモ 兵庫県からチェックインできる県外の駅 - Statistics

General Stats
  • This quiz has been taken 14 times
  • The average score is 15 of 34
Answer Stats
Answer % Correct
出来島
86%
千船
79%
大阪空港
79%
池田
79%
加島
64%
福知山
64%
三石
64%
鳴門
57%
光風台
50%
妙見口
50%
下夜久野
50%
上夜久野
50%
福知山市民病院口
43%
上川口
43%
久美浜
43%
東浜
43%
大原
43%
夢洲
36%
ときわ台
36%
園部
36%
若桜
36%
あわくら温泉
36%
西粟倉
36%
宮本武蔵
36%
下山
29%
立木
29%
綾部
29%
与謝野
29%
京丹後大宮
29%
かぶと山
29%
美作土居
29%
加太
29%
下天津
21%
大江山口内宮
21%
No matching quizzes found
Score Distribution
Percent of People with Each Score
Percentile by Number Answered
Your Score History
You have not taken this quiz